[Event "I Open Blau Escacs Calvia 2015 "]
[Site "Calvià ESP"]
[Date "2015.04.11"]
[Round "1.1"]
[White "Lazarte Anello, David Emiliano"]
[Black "Cacho Reigadas, Sergio"]
[Result "0-1"]
[WhiteElo "1951"]
[BlackElo "2519"]
[PlyCount "37"]
[EventDate "2015.04.11"]
[EventType "swiss"]
[EventRounds "9"]
[EventCountry "ESP"]
[Source "lmi"]
[SourceDate "2015.04.11"]

1. d4 g6 2. e4 Bg7 3. Nf3 c6 4. c4 d6 5. Nc3 Nd7 6. Be2 e5 7. O-O Ngf6 8. dxe5
dxe5 9. Qc2 O-O 10. Rd1 Qe7 11. h3 Nh5 12. Ne1 Nf4 13. Bf1 Ne6 14. Ne2 f5 15.
exf5 gxf5 16. f4 Qc5+ 17. Kh1 e4 18. Rb1 Qf2 19. b4 0-1

[Event "I Open Blau Escacs Calvia 2015 "]
[Site "Calvià ESP"]
[Date "2015.04.11"]
[Round "1.2"]
[White "Kopylov, Michael"]
[Black "Galiana Moll, Ramon Aron"]
[Result "1-0"]
[WhiteElo "2441"]
[BlackElo "1944"]
[PlyCount "63"]
[EventDate "2015.04.11"]
[EventType "swiss"]
[EventRounds "9"]
[EventCountry "ESP"]
[Source "lmi"]
[SourceDate "2015.04.11"]

1. d4 d6 2. g3 Nf6 3. Bg2 Nbd7 4. Nf3 c6 5. c4 e5 6. Nc3 Be7 7. O-O O-O 8. e4
exd4 9. Nxd4 Re8 10. Nf5 Nc5 11. Nxe7+ Qxe7 12. Re1 Be6 13. b3 Rad8 14. Ba3 Qc7
15. Qc2 Qa5 16. Bb2 Na6 17. Ne2 Ng4 18. h3 Ne5 19. f4 Nb4 20. Qc3 Qb6+ 21. Kh2
Bxh3 22. fxe5 Qf2 23. Kxh3 Re6 24. Nf4 Rh6+ 25. Kg4 Rh2 26. exd6 f6 27. Re2 h5+
28. Kf5 Qc5+ 29. e5 fxe5 30. Qxe5 Rf8+ 31. Kg6 Qxe5 32. Bxe5 1-0

[Event "I Open Blau Escacs Calvia 2015 "]
[Site "Calvià ESP"]
[Date "2015.04.11"]
[Round "1.3"]
[White "Boix Pons, Catalina"]
[Black "Eggleston, David J"]
[Result "0-1"]
[WhiteElo "1914"]
[BlackElo "2424"]
[PlyCount "36"]
[EventDate "2015.04.11"]
[EventType "swiss"]
[EventRounds "9"]
[EventCountry "ESP"]
[Source "lmi"]
[SourceDate "2015.04.11"]

1. d4 Nf6 2. c4 e6 3. Nc3 Bb4 4. e3 O-O 5. Nge2 d5 6. a3 Bd6 7. Ng3 c5 8. cxd5
cxd4 9. Qxd4 exd5 10. Be2 Nc6 11. Qd1 Be6 12. O-O Rc8 13. b3 Be5 14. Bb2 d4 15.
exd4 Nxd4 16. Nce4 Nxe4 17. Nxe4 Bxb3 18. Qd2 Nxe2+ 0-1

[Event "I Open Blau Escacs Calvia 2015 "]
[Site "Calvià ESP"]
[Date "2015.04.11"]
[Round "1.4"]
[White "Nilsen, Joachim Birger"]
[Black "Gimenez Garcia, Emilio"]
[Result "1-0"]
[WhiteElo "2405"]
[BlackElo "1913"]
[PlyCount "71"]
[EventDate "2015.04.11"]
[EventType "swiss"]
[EventRounds "9"]
[EventCountry "ESP"]
[Source "lmi"]
[SourceDate "2015.04.11"]

1. Nf3 Nf6 2. d4 d5 3. c4 e6 4. g3 c6 5. Bg2 Bb4+ 6. Bd2 Be7 7. Qc2 Nbd7 8. O-O
O-O 9. Rd1 b6 10. a4 a5 11. Bf4 Nh5 12. Be5 f6 13. cxd5 cxd5 14. Bc7 Qe8 15.
Qc6 Ra7 16. g4 Ne5 17. Qxe8 Nxf3+ 18. Bxf3 Rxe8 19. Rc1 Ba6 20. gxh5 Rc8 21.
Bf4 Rxc1+ 22. Bxc1 Rc7 23. Nc3 Bb4 24. Bf4 Rc8 25. Rc1 Rc4 26. Nb5 Bxb5 27.
axb5 a4 28. Rxc4 dxc4 29. Bc1 Kf8 30. e3 Ke7 31. Bd1 Kd6 32. Bxa4 e5 33. dxe5+
Kxe5 34. Bc2 h6 35. e4 Kd4 36. Be3+ 1-0

[Event "I Open Blau Escacs Calvia 2015 "]
[Site "Calvià ESP"]
[Date "2015.04.11"]
[Round "1.5"]
[White "Cemborain Oricain, Alfonso"]
[Black "Kernazhitsky, Leonid"]
[Result "0-1"]
[WhiteElo "1892"]
[BlackElo "2278"]
[PlyCount "116"]
[EventDate "2015.04.11"]
[EventType "swiss"]
[EventRounds "9"]
[EventCountry "ESP"]
[Source "lmi"]
[SourceDate "2015.04.11"]

1. e4 c5 2. Nc3 e6 3. g3 d5 4. exd5 exd5 5. Bg2 Nf6 6. d3 Be7 7. Nge2 Nc6 8.
Bg5 d4 9. Bxf6 Bxf6 10. Nd5 Bg5 11. O-O O-O 12. Nef4 g6 13. Re1 Qd6 14. h4 Bd8
15. Qd2 Bg4 16. f3 Bd7 17. Re2 h6 18. c4 dxc3 19. Nxc3 Nd4 20. Rf2 Re8 21. Ne4
Qe5 22. Ne2 Nxe2+ 23. Rxe2 Kg7 24. Qc3 Qxc3 25. Nxc3 Bf6 26. Rae1 Be6 27. f4
Rad8 28. Bh3 Rxd3 29. Bxe6 Rxe6 30. Rxe6 fxe6 31. Rxe6 Bxc3 32. bxc3 Rxg3+ 33.
Kf2 Rxc3 34. Re7+ Kf6 35. Rxb7 Rc2+ 36. Kf3 Rxa2 37. Rc7 Ra3+ 38. Ke4 Ra6 39.
Rxc5 Re6+ 40. Kf3 h5 41. Ra5 a6 42. Rd5 Ke7 43. Kg3 Rf6 44. Kf3 Rf5 45. Rd4 a5
46. Ke4 Rb5 47. Rd3 Ke6 48. Rc3 Rb4+ 49. Kf3 Rb6 50. Rc5 Ra6 51. Ke4 a4 52. f5+
gxf5+ 53. Rxf5 a3 54. Rf1 Ra4+ 55. Kf3 Rxh4 56. Ra1 Ra4 57. Ra2 Kd5 58. Ke3 Ke5
0-1

[Event "I Open Blau Escacs Calvia 2015 "]
[Site "Calvià ESP"]
[Date "2015.04.11"]
[Round "1.6"]
[White "Martins, David Pires Tavares"]
[Black "Fullana Benito, David"]
[Result "1-0"]
[WhiteElo "2293"]
[BlackElo "1880"]
[PlyCount "75"]
[EventDate "2015.04.11"]
[EventType "swiss"]
[EventRounds "9"]
[EventCountry "ESP"]
[Source "lmi"]
[SourceDate "2015.04.11"]

1. c4 c5 2. Nc3 Nc6 3. g3 g6 4. Bg2 Bg7 5. Nf3 Nf6 6. d4 cxd4 7. Nxd4 O-O 8.
O-O Qb6 9. Nc2 d6 10. b3 Bf5 11. e4 Be6 12. Be3 Qa6 13. Bd2 Bg4 14. f3 Nxe4 15.
Nxe4 Bxa1 16. Qxa1 Bf5 17. Bh6 f6 18. Bxf8 Rxf8 19. Ne3 Qb6 20. Qc3 Nd4 21. Kh1
Bxe4 22. fxe4 e6 23. Rd1 e5 24. Nd5 Qd8 25. c5 Kg7 26. Qb4 dxc5 27. Qxc5 b6 28.
Qc4 b5 29. Qc5 Qa5 30. Rf1 Rf7 31. Nxf6 Qd8 32. Ng4 Rxf1+ 33. Bxf1 Nf3 34. Be2
Nd4 35. Qxe5+ Kf7 36. Nh6+ Kf8 37. Qh8+ Ke7 38. Qg7+ 1-0

[Event "I Open Blau Escacs Calvia 2015 "]
[Site "Calvià ESP"]
[Date "2015.04.11"]
[Round "1.7"]
[White "Perez Prieto, German"]
[Black "Tattersall Rodriguez, Lester"]
[Result "0-1"]
[WhiteElo "1833"]
[BlackElo "2284"]
[PlyCount "102"]
[EventDate "2015.04.11"]
[EventType "swiss"]
[EventRounds "9"]
[EventCountry "ESP"]
[Source "lmi"]
[SourceDate "2015.04.11"]

1. Nf3 Nf6 2. d4 e6 3. Bg5 Be7 4. Nbd2 d5 5. e3 c5 6. c3 O-O 7. Bd3 Nbd7 8. Qe2
Re8 9. Ne5 Nxe5 10. dxe5 Nd7 11. Bxe7 Qxe7 12. f4 f6 13. Nf3 fxe5 14. fxe5 b6
15. h4 Bb7 16. Rd1 Rf8 17. h5 c4 18. Bb1 Nc5 19. Rd4 Ne4 20. Bxe4 dxe4 21. Nd2
Qg5 22. Rh3 b5 23. Nxe4 Qxe5 24. Qg4 Bd5 25. Rg3 Rf5 26. h6 g6 27. Qh4 Raf8 28.
Rf3 Rxf3 29. gxf3 Rxf3 30. Qd8+ Rf8 31. Qg5 Qf5 32. Qxf5 gxf5 33. Nd6 a6 34. e4
fxe4 35. Nxe4 Kf7 36. Nc5 a5 37. Rg4 Rg8 38. Rxg8 Kxg8 39. a4 bxa4 40. Nxa4 Kf7
41. Nb6 Kg6 42. Kf2 Kxh6 43. Kg3 Kg5 44. Nd7 Kf5 45. Nf8 h6 46. Nd7 Ke4 47.
Nc5+ Ke3 48. Kh4 Kd2 49. Kh5 e5 50. Kxh6 e4 51. b4 cxb3 0-1

[Event "I Open Blau Escacs Calvia 2015 "]
[Site "Calvià ESP"]
[Date "2015.04.11"]
[Round "1.8"]
[White "Seba, Kamel"]
[Black "Kopylov, Daniel"]
[Result "1-0"]
[WhiteElo "2266"]
[BlackElo "1813"]
[PlyCount "51"]
[EventDate "2015.04.11"]
[EventType "swiss"]
[EventRounds "9"]
[EventCountry "ESP"]
[Source "lmi"]
[SourceDate "2015.04.11"]

1. d4 d5 2. c4 e6 3. Nc3 c6 4. e3 Bd6 5. Nf3 f5 6. Bd3 Nf6 7. Qc2 O-O 8. cxd5
cxd5 9. Nb5 Nc6 10. Nxd6 Nb4 11. Qb3 Nxd3+ 12. Qxd3 Qxd6 13. b3 Bd7 14. a4 Rfc8
15. Ne5 Ne4 16. Ba3 Qc7 17. O-O a6 18. Rac1 Qd8 19. f3 Nf6 20. Qd2 Qb6 21. Be7
Bc6 22. Bc5 Qd8 23. Qb4 Nd7 24. Be7 Qc7 25. Nd3 Qb6 26. Qa3 1-0

[Event "I Open Blau Escacs Calvia 2015 "]
[Site "Calvià ESP"]
[Date "2015.04.11"]
[Round "1.10"]
[White "Brull Mayol, Cosme"]
[Black "Vicens Company, Francesc"]
[Result "1-0"]
[WhiteElo "2253"]
[BlackElo "1517"]
[PlyCount "91"]
[EventDate "2015.04.11"]
[EventType "swiss"]
[EventRounds "9"]
[EventCountry "ESP"]
[Source "lmi"]
[SourceDate "2015.04.11"]

1. e4 c5 2. Nf3 Nc6 3. d4 cxd4 4. Nxd4 e5 5. Nb5 a6 6. Nd6+ Bxd6 7. Qxd6 Qf6 8.
Qd2 Qg6 9. Nc3 Nf6 10. f3 O-O 11. Bc4 b5 12. Bb3 Nd4 13. Qg5 Nxb3 14. axb3 Bb7
15. O-O d6 16. Rd1 Rfd8 17. Qxg6 hxg6 18. Bg5 Rac8 19. Rd2 Rd7 20. Bxf6 gxf6
21. Rad1 Rc6 22. Nd5 Kg7 23. c4 Rd8 24. Nb4 Rc5 25. Nd3 Rc7 26. cxb5 axb5 27.
Nb4 Rcd7 28. Nd5 Bc6 29. Rc2 Bb7 30. g4 Rb8 31. Kf2 Rh8 32. Kg2 Rb8 33. Ne3 Rc8
34. Rcd2 Rcd8 35. h4 Kh6 36. g5+ fxg5 37. Ng4+ Kg7 38. hxg5 Bc8 39. Nf6 Rc7 40.
Rxd6 Rh8 41. Rd8 Bh3+ 42. Kf2 Rc2+ 43. Ke3 Rh2 44. Rxh8 Kxh8 45. Rd8+ Kg7 46.
Rg8# 1-0

[Event "I Open Blau Escacs Calvia 2015 "]
[Site "Calvià ESP"]
[Date "2015.04.11"]
[Round "1.11"]
[White "Vicens Company, Maria Antonia"]
[Black "Galiana Salom, Juan Ramon"]
[Result "0-1"]
[WhiteElo "1744"]
[BlackElo "2241"]
[PlyCount "40"]
[EventDate "2015.04.11"]
[EventType "swiss"]
[EventRounds "9"]
[EventCountry "ESP"]
[Source "lmi"]
[SourceDate "2015.04.11"]

1. c4 e5 2. Nc3 Nf6 3. g3 d5 4. cxd5 Nxd5 5. Bg2 Nb6 6. d3 Be7 7. Nf3 Nc6 8.
Nd2 O-O 9. Nf1 Be6 10. Ne3 f5 11. O-O Qd7 12. b3 f4 13. Nc4 Bh3 14. Bb2 Rf6 15.
Nxb6 axb6 16. Bd5+ Kh8 17. Re1 Raf8 18. Qd2 fxg3 19. hxg3 Rxf2 20. Bf3 R8xf3
0-1

[Event "I Open Blau Escacs Calvia 2015 "]
[Site "Calvià ESP"]
[Date "2015.04.11"]
[Round "1.12"]
[White "Garcia Del Rey, Senen"]
[Black "Abrines Sampol, Lorenzo"]
[Result "1-0"]
[WhiteElo "2225"]
[BlackElo "1711"]
[PlyCount "56"]
[EventDate "2015.04.11"]
[EventType "swiss"]
[EventRounds "9"]
[EventCountry "ESP"]
[Source "lmi"]
[SourceDate "2015.04.11"]

1. c4 Nf6 2. Nf3 c5 3. Nc3 Nc6 4. e3 e5 5. d4 cxd4 6. exd4 exd4 7. Nxd4 Nxd4 8.
Qxd4 Be7 9. Be2 O-O 10. O-O Qb6 11. Qxb6 axb6 12. Rd1 Re8 13. Bf3 Ra5 14. Be3
Bc5 15. Bd2 Bd4 16. Nb5 Bxb2 17. Bxa5 Bxa1 18. Nd6 bxa5 19. Nxe8 Nxe8 20. Rxa1
Nd6 21. c5 Nf5 22. Rb1 Nd4 23. Bxb7 Bxb7 24. Rxb7 g6 25. Rxd7 Ne6 26. c6 Kg7
27. c7 Nxc7 28. Rxc7 h5 1-0

[Event "I Open Blau Escacs Calvia 2015 "]
[Site "Calvià ESP"]
[Date "2015.04.11"]
[Round "1.13"]
[White "Orcera Gomez, Francisco"]
[Black "Rhein, Klaus"]
[Result "0-1"]
[WhiteElo "1723"]
[BlackElo "2208"]
[PlyCount "44"]
[EventDate "2015.04.11"]
[EventType "swiss"]
[EventRounds "9"]
[EventCountry "ESP"]
[Source "lmi"]
[SourceDate "2015.04.11"]

1. e4 e5 2. Nf3 Nc6 3. Bb5 f5 4. d3 fxe4 5. dxe4 Nf6 6. O-O Bc5 7. Nc3 d6 8. h3
O-O 9. Re1 Be6 10. a3 Nd4 11. Ng5 Qe7 12. Nxe6 Qxe6 13. Bd3 a6 14. Be3 b5 15.
b4 Bb6 16. Ne2 Nh5 17. Nxd4 exd4 18. Bd2 Qe5 19. Qg4 c5 20. Be2 Nf6 21. Qf4 c4
22. Bf3 Nd7 0-1

[Event "I Open Blau Escacs Calvia 2015 "]
[Site "Calvià ESP"]
[Date "2015.04.11"]
[Round "1.14"]
[White "Adrian, Claude"]
[Black "Asensio Ramos, Diego"]
[Result "1-0"]
[WhiteElo "2197"]
[BlackElo "1718"]
[PlyCount "95"]
[EventDate "2015.04.11"]
[EventType "swiss"]
[EventRounds "9"]
[EventCountry "ESP"]
[Source "lmi"]
[SourceDate "2015.04.11"]

1. c4 e5 2. g3 Nf6 3. Bg2 Bc5 4. Nc3 d6 5. e3 a5 6. Nge2 O-O 7. O-O c6 8. d4
Bb6 9. b3 Bg4 10. h3 Bf5 11. g4 Bg6 12. f4 exf4 13. exf4 h6 14. f5 Bh7 15. Bf4
Bc7 16. Qd2 Kh8 17. Rae1 Nbd7 18. Ng3 Re8 19. Bf3 Rxe1 20. Rxe1 Qf8 21. c5 Bb8
22. cxd6 Bxd6 23. Bxd6 Qxd6 24. Nge4 Qf8 25. d5 Ne5 26. Bg2 cxd5 27. Nxf6 gxf6
28. Nxd5 Qc5+ 29. Kh1 Kg7 30. Nxf6 Kxf6 31. Qxh6+ Bg6 32. Qh4+ Kg7 33. f6+ Kg8
34. Qh6 Qf8 35. Qxf8+ Kxf8 36. Rxe5 Ra6 37. g5 a4 38. b4 Rb6 39. a3 Rd6 40.
Bxb7 Rd3 41. Bc6 Kg8 42. b5 Rxh3+ 43. Kg2 Rb3 44. Kf2 Bd3 45. Re3 Rb2+ 46. Kg3
Bxb5 47. Re8+ Kh7 48. Be4# 1-0

[Event "I Open Blau Escacs Calvia 2015 "]
[Site "Calvià ESP"]
[Date "2015.04.11"]
[Round "1.15"]
[White "Scholl, Alois"]
[Black "Ponce Cano, Adrian"]
[Result "0-1"]
[WhiteElo "1700"]
[BlackElo "2200"]
[PlyCount "80"]
[EventDate "2015.04.11"]
[EventType "swiss"]
[EventRounds "9"]
[EventCountry "ESP"]
[Source "lmi"]
[SourceDate "2015.04.11"]

1. Nf3 d5 2. b3 c5 3. Bb2 Nc6 4. e3 Nf6 5. Bb5 e6 6. Ne5 Bd7 7. Nxd7 Qxd7 8.
O-O a6 9. Be2 Be7 10. d3 O-O 11. Nd2 Rad8 12. Nf3 Qc7 13. h3 e5 14. Nh2 Bd6 15.
g3 Ne7 16. Qd2 h6 17. Rac1 b5 18. Kg2 c4 19. Bc3 Qb7 20. Ba5 Rc8 21. Bb4 Bxb4
22. Qxb4 Nc6 23. Qe1 a5 24. f4 exf4 25. gxf4 Qe7 26. Rf3 Nb4 27. a3 Na2 28. Ra1
cxb3 29. cxb3 Rc2 30. Nf1 d4 31. e4 Nxe4 32. dxe4 d3 33. Kg3 Rxe2 34. Qxa5 Qxe4
35. Rd1 Qg6+ 36. Kh4 Qf6+ 37. Kg3 Nc3 38. Rfxd3 Qg6+ 39. Kh4 Re4 40. Qc7 Qg5#
0-1

[Event "I Open Blau Escacs Calvia 2015 "]
[Site "Calvià ESP"]
[Date "2015.04.11"]
[Round "1.16"]
[White "Segura Ariza, Jose Luis"]
[Black "Garcia Comendador, Simon"]
[Result "1-0"]
[WhiteElo "2197"]
[BlackElo "1687"]
[PlyCount "65"]
[EventDate "2015.04.11"]
[EventType "swiss"]
[EventRounds "9"]
[EventCountry "ESP"]
[Source "lmi"]
[SourceDate "2015.04.11"]

1. d4 d5 2. c4 dxc4 3. Nf3 Nf6 4. Nc3 Bf5 5. Bf4 e6 6. Qa4+ Nbd7 7. Nb5 Nd5 8.
Bd2 c6 9. Nc3 N7b6 10. Qd1 Bd6 11. g3 h6 12. Bg2 O-O 13. O-O Re8 14. a4 a5 15.
Re1 Nb4 16. e4 Bh7 17. Be3 Rc8 18. Qe2 Nd3 19. Red1 Bb4 20. Ne5 Nxe5 21. dxe5
Qc7 22. Rd6 Bxd6 23. exd6 Qd8 24. Bxb6 Qxd6 25. Qxc4 Qd2 26. Qb3 e5 27. Rd1 Qg5
28. Bh3 Ra8 29. Rd7 Bg6 30. Bf1 Qf6 31. Qd1 Qe6 32. b3 Re7 33. Rd6 1-0

[Event "I Open Blau Escacs Calvia 2015 "]
[Site "Calvià ESP"]
[Date "2015.04.11"]
[Round "1.17"]
[White "Llabres Coll, Juan"]
[Black "Lasinskas, Povilas"]
[Result "0-1"]
[WhiteElo "1656"]
[BlackElo "2193"]
[PlyCount "63"]
[EventDate "2015.04.11"]
[EventType "swiss"]
[EventRounds "9"]
[EventCountry "ESP"]
[Source "lmi"]
[SourceDate "2015.04.11"]

1. d4 Nf6 2. c4 g6 3. Nc3 d5 4. cxd5 Nxd5 5. e4 Nxc3 6. bxc3 c5 7. Bb5+ Bd7 8.
Bxd7+ Nxd7 9. Nf3 Bg7 10. O-O O-O 11. Be3 Qc7 12. Qd2 e5 13. d5 Nf6 14. Qc2 c4
15. h3 Ne8 16. Rad1 Nd6 17. Rfe1 b5 18. a3 a5 19. Rb1 Rab8 20. Rb2 Rb7 21. Reb1
Rfb8 22. Qe2 h6 23. g4 Qd7 24. Nh4 Rf8 25. f4 exf4 26. Bxf4 g5 27. Bxd6 Qxd6
28. Nf5 Qxa3 29. Ra2 Qc5+ 30. Kg2 b4 31. cxb4 axb4 32. Ra6 0-1

[Event "I Open Blau Escacs Calvia 2015 "]
[Site "Calvià ESP"]
[Date "2015.04.11"]
[Round "1.18"]
[White "Gavrish, Leonid"]
[Black "Ramis Sebastia, Jordi Salvador"]
[Result "1-0"]
[WhiteElo "2157"]
[BlackElo "1632"]
[PlyCount "91"]
[EventDate "2015.04.11"]
[EventType "swiss"]
[EventRounds "9"]
[EventCountry "ESP"]
[Source "lmi"]
[SourceDate "2015.04.11"]

1. d4 Nf6 2. c4 g6 3. Nc3 Bg7 4. e4 d6 5. f4 c5 6. d5 O-O 7. Nf3 Qa5 8. Bd2 Qb6
9. Qc2 e6 10. h3 exd5 11. exd5 Bf5 12. Bd3 Bxd3 13. Qxd3 Qxb2 14. O-O Qb6 15.
f5 Nbd7 16. g4 Rae8 17. Rab1 Qc7 18. g5 Nh5 19. f6 Bh8 20. Rbe1 Ne5 21. Nxe5
Rxe5 22. Rxe5 dxe5 23. d6 Qd7 24. Re1 Rd8 25. Rxe5 Nxf6 26. Re7 Qxd6 27. Qxd6
Rxd6 28. Bf4 Rd3 29. Be5 Nd7 30. Bxh8 Kxh8 31. Nd5 Nb6 32. Nf6 Kg7 33. h4 h6
34. Kf2 hxg5 35. hxg5 Rd8 36. Rxb7 Nxc4 37. Rxa7 Nd6 38. a4 c4 39. Rd7 Ne4+ 40.
Ke3 Rxd7 41. Nxd7 Nxg5 42. Nc5 f5 43. a5 c3 44. a6 c2 45. Kd2 Nf3+ 46. Kc1 1-0

[Event "I Open Blau Escacs Calvia 2015 "]
[Site "Calvià ESP"]
[Date "2015.04.11"]
[Round "1.19"]
[White "Ferrer Mygina, Juan"]
[Black "Queirolo Perez, Manuel"]
[Result "0-1"]
[WhiteElo "1581"]
[BlackElo "2113"]
[PlyCount "68"]
[EventDate "2015.04.11"]
[EventType "swiss"]
[EventRounds "9"]
[EventCountry "ESP"]
[Source "lmi"]
[SourceDate "2015.04.11"]

1. e4 c5 2. Nf3 Nc6 3. d4 cxd4 4. Nxd4 Qb6 5. Nb5 a6 6. Be3 Qa5+ 7. Bd2 Qd8 8.
N5c3 e6 9. Bc4 b5 10. Bb3 Qh4 11. O-O Bb7 12. Nd5 exd5 13. exd5 Bd6 14. Re1+
Nce7 15. g3 Qh3 16. Nc3 f5 17. Bf4 Bxf4 18. gxf4 Qh6 19. Re3 Qd6 20. Qd4 Kf8
21. Rae1 h5 22. Qe5 Rh6 23. Rg3 Qxe5 24. fxe5 h4 25. Rg5 Rg6 26. Rxg6 Nxg6 27.
e6 d6 28. Ne2 N8e7 29. Nd4 Nf4 30. Nc6 Bxc6 31. dxc6 Rc8 32. Rd1 Rxc6 33. Kf1
d5 34. Rd4 g5 0-1

[Event "I Open Blau Escacs Calvia 2015 "]
[Site "Calvià ESP"]
[Date "2015.04.11"]
[Round "1.20"]
[White "Altschuler, Jason"]
[Black "Rossello Sanchez, Bartolome"]
[Result "1-0"]
[WhiteElo "2089"]
[BlackElo "1524"]
[PlyCount "67"]
[EventDate "2015.04.11"]
[EventType "swiss"]
[EventRounds "9"]
[EventCountry "ESP"]
[Source "lmi"]
[SourceDate "2015.04.11"]

1. e4 b6 2. g3 Bb7 3. Bg2 e6 4. d3 d6 5. f4 Nd7 6. Nf3 Be7 7. O-O h6 8. c4 g5
9. Nc3 g4 10. Ne1 h5 11. b3 f5 12. exf5 Bxg2 13. Nxg2 exf5 14. Nd5 c6 15. Bb2
Rh7 16. Nxe7 Nxe7 17. Re1 Qc7 18. Nh4 O-O-O 19. Qc2 Rg8 20. Re2 Rf7 21. Rae1
Nf8 22. Re3 Nfg6 23. Ng2 Rgf8 24. Re6 Rh7 25. Bf6 Rff7 26. Qe2 Kd8 27. Bg5 Nf8
28. Re3 Nfg6 29. b4 c5 30. b5 Ke8 31. Qf2 Qb7 32. Re6 Kf8 33. Rxd6 Qc7 34. Ree6
1-0

[Event "I Open Blau Escacs Calvia 2015 "]
[Site "Calvià ESP"]
[Date "2015.04.11"]
[Round "1.21"]
[White "Adrian, Louise"]
[Black "Abrahams, Daniel"]
[Result "0-1"]
[WhiteElo "1499"]
[BlackElo "2058"]
[PlyCount "64"]
[EventDate "2015.04.11"]
[EventType "swiss"]
[EventRounds "9"]
[EventCountry "ESP"]
[Source "lmi"]
[SourceDate "2015.04.11"]

1. c4 e5 2. Nc3 d6 3. d4 exd4 4. Qxd4 Nc6 5. Qd1 g6 6. e4 Bg7 7. Nf3 Nf6 8. Bg5
h6 9. Bxf6 Bxf6 10. Be2 O-O 11. O-O Re8 12. Nd2 Bxc3 13. bxc3 Qf6 14. Qc2 b6
15. f3 Ba6 16. Qb3 Na5 17. Qc2 d5 18. Nb3 Nxc4 19. Rfe1 Qg5 20. Bxc4 Bxc4 21.
Nd2 Ba6 22. exd5 Qxd5 23. Ne4 Qc6 24. Qd2 Kh7 25. Rad1 Re6 26. Qd7 Rf8 27. Qxc6
Rxc6 28. Rd7 Bc8 29. Re7 Kg7 30. Re3 Rd8 31. h3 Be6 32. Re2 Kf8 0-1

[Event "I Open Blau Escacs Calvia 2015 "]
[Site "Calvià ESP"]
[Date "2015.04.11"]
[Round "1.22"]
[White "Planas Gene, Juan"]
[Black "Lewandowski, Richard"]
[Result "1-0"]
[WhiteElo "2062"]
[BlackElo "1497"]
[PlyCount "65"]
[EventDate "2015.04.11"]
[EventType "swiss"]
[EventRounds "9"]
[EventCountry "ESP"]
[Source "lmi"]
[SourceDate "2015.04.11"]

1. d4 d5 2. c4 c6 3. Nf3 Nf6 4. Nc3 e6 5. Bg5 Be7 6. e3 Nbd7 7. Rc1 O-O 8. Bd3
h6 9. Bh4 Re8 10. O-O dxc4 11. Bxc4 Nb6 12. Bb3 Bd7 13. Qd3 g6 14. Ne5 Kg7 15.
Bc2 Rg8 16. f4 Be8 17. Rf3 Nbd7 18. Rcf1 Nf8 19. g4 N6h7 20. Bxe7 Qxe7 21. f5
Kh8 22. f6 Qc7 23. Rh3 h5 24. gxh5 gxh5+ 25. Kh1 Rg5 26. Ne4 Rxe5 27. dxe5 Qxe5
28. Qe2 Qb5 29. Bd3 Qd5 30. Rxh5 e5 31. Qg4 Ng6 32. Rxh7+ Kxh7 33. Qh5+ 1-0

[Event "I Open Blau Escacs Calvia 2015 "]
[Site "Calvià ESP"]
[Date "2015.04.11"]
[Round "1.23"]
[White "Adrian, Leopold"]
[Black "Asensio Ramos, Enrique Fernand"]
[Result "0-1"]
[WhiteElo "1579"]
[BlackElo "2045"]
[PlyCount "96"]
[EventDate "2015.04.11"]
[EventType "swiss"]
[EventRounds "9"]
[EventCountry "ESP"]
[Source "lmi"]
[SourceDate "2015.04.11"]

1. d4 Nf6 2. c4 c5 3. Nf3 cxd4 4. Nxd4 Nc6 5. Nc3 g6 6. e4 d6 7. Be2 Bg7 8. Be3
O-O 9. O-O Bd7 10. f3 Qb6 11. Qd2 Nxe4 12. Nxc6 Nxd2 13. Nxe7+ Kh8 14. Bxb6
Nxf1 15. Bf2 Rfe8 16. Ned5 Nd2 17. Rd1 Rxe2 18. Nxe2 Nxc4 19. b3 Nb2 20. Rd2
Rc8 21. Ndc3 Bxc3 22. Nxc3 Kg8 23. Bd4 Nc4 24. bxc4 Rxc4 25. Bf6 Rc6 26. Nd5
Kf8 27. Rb2 b5 28. Re2 Be6 29. Nf4 a5 30. Bd8 a4 31. Nxe6+ fxe6 32. Rxe6 Rc2
33. a3 Rc3 34. Ba5 Rxa3 35. Bb4 Rb3 36. Bxd6+ Kf7 37. Re7+ Kf6 38. Ra7 Ke6 39.
Bf8 Rb2 40. Rxh7 b4 41. Rb7 b3 42. Ba3 Ra2 43. Bf8 b2 44. h3 Ra1+ 45. Kf2 b1=Q
46. Rxb1 Rxb1 47. Ke3 a3 48. Bxa3 Rb3+ 0-1

[Event "I Open Blau Escacs Calvia 2015 "]
[Site "Calvià ESP"]
[Date "2015.04.11"]
[Round "1.24"]
[White "Dadello, Aleksandra"]
[Black "Pons Escanellas, Antonio M"]
[Result "1-0"]
[WhiteElo "1986"]
[BlackElo "1376"]
[PlyCount "35"]
[EventDate "2015.04.11"]
[EventType "swiss"]
[EventRounds "9"]
[EventCountry "ESP"]
[Source "lmi"]
[SourceDate "2015.04.11"]

1. e4 e5 2. Nf3 Nc6 3. Nc3 d6 4. d4 exd4 5. Nxd4 Nxd4 6. Qxd4 Qf6 7. Qc4 c6 8.
Be3 Be6 9. Qa4 Qe7 10. O-O-O b5 11. Bxb5 cxb5 12. Nxb5 Bd7 13. Nc7+ Kd8 14. Qa5
Qxe4 15. Nxa8+ Ke8 16. Nc7+ Kd8 17. Bg5+ f6 18. Nd5+ 1-0

[Event "I Open Blau Escacs Calvia 2015 "]
[Site "Calvià ESP"]
[Date "2015.04.11"]
[Round "1.26"]
[White "Navarrete Terrasa, Sebastian"]
[Black "Adrian, Lucien"]
[Result "1-0"]
[WhiteElo "2015"]
[BlackElo "1288"]
[PlyCount "35"]
[EventDate "2015.04.11"]
[EventType "swiss"]
[EventRounds "9"]
[EventCountry "ESP"]
[Source "lmi"]
[SourceDate "2015.04.11"]

1. e4 e6 2. d4 d5 3. Nd2 Nf6 4. e5 Nfd7 5. Ngf3 c5 6. c3 Qb6 7. Bd3 Nc6 8. O-O
cxd4 9. cxd4 Nxd4 10. Nxd4 Qxd4 11. Nf3 Qb6 12. Qa4 Bc5 13. Qg4 O-O 14. Bxh7+
Kh8 15. Qh5 Nf6 16. exf6 gxf6 17. Bg6+ Kg8 18. Qh7# 1-0

[Event "I Open Blau Escacs Calvia 2015 "]
[Site "Calvià ESP"]
[Date "2015.04.11"]
[Round "1.30"]
[White "Paterson, Andrew I"]
[Black "Taborda Cembalo, Luciano"]
[Result "1-0"]
[WhiteElo "1986"]
[BlackElo "1444"]
[PlyCount "49"]
[EventDate "2015.04.11"]
[EventType "swiss"]
[EventRounds "9"]
[EventCountry "ESP"]
[Source "lmi"]
[SourceDate "2015.04.11"]

1. e4 e5 2. Nf3 Nc6 3. Bb5 a6 4. Ba4 Nf6 5. d3 d6 6. c3 b5 7. Bb3 Na5 8. Bc2 c5
9. Nbd2 Qc7 10. O-O Be7 11. Re1 O-O 12. Nf1 Re8 13. Bg5 Nc6 14. Rc1 Bb7 15. Ne3
Nd7 16. Nf5 Bxg5 17. Nxg5 Nf6 18. Bb3 Nd8 19. Re3 Ne6 20. Rg3 Nxg5 21. Rxg5 Kh8
22. Rxg7 c4 23. Qd2 d5 24. Qh6 Re6 25. Rxh7+ 1-0